আল-মুকাদ্দিমা : (Record no. 102407)
[ view plain ]
| 000 -LEADER | |
|---|---|
| fixed length control field | 01037nam a22002417a 4500 |
| 003 - CONTROL NUMBER IDENTIFIER | |
| control field | BD-DhUL |
| 005 - DATE AND TIME OF LATEST TRANSACTION | |
| control field | 20170611124739.0 |
| 008 - FIXED-LENGTH DATA ELEMENTS--GENERAL INFORMATION | |
| fixed length control field | 160829s2007 bg |||| |||| 000 0 ben |
| 020 ## - INTERNATIONAL STANDARD BOOK NUMBER | |
| International Standard Book Number | 9844832594 |
| 040 ## - CATALOGING SOURCE | |
| Original cataloging agency | BD-DhUL |
| Transcribing agency | BD-DhUL |
| 082 ## - DEWEY DECIMAL CLASSIFICATION NUMBER | |
| Classification number | 907.2 |
| Item number | IBA |
| 100 10 - MAIN ENTRY--PERSONAL NAME | |
| Personal name | ইবনে খালদুন |
| 245 10 - TITLE STATEMENT | |
| Title | আল-মুকাদ্দিমা : |
| Remainder of title | ১ম খন্ড / |
| Statement of responsibility, etc. | ইবনে খালদুন ; অনুবাদক , গোলাম সামদানী কোরায়শী। |
| 250 ## - EDITION STATEMENT | |
| Edition statement | ১ম দিব্যপ্রকাশ সং. |
| 260 ## - PUBLICATION, DISTRIBUTION, ETC. (IMPRINT) | |
| Place of publication, distribution, etc. | ঢাকা : |
| Name of publisher, distributor, etc. | দিব্যপ্রকাশ, |
| Date of publication, distribution, etc. | ২০০৭ (২০১৭ মুদ্রন)। |
| 300 ## - PHYSICAL DESCRIPTION | |
| Extent | খ. ; |
| Dimensions | ২২ সে.মি. |
| 365 ## - TRADE PRICE | |
| Price type code | BDT |
| Price amount | 650 |
| 504 ## - BIBLIOGRAPHY, ETC. NOTE | |
| Bibliography, etc | গ্রন্থপঞ্জিগত তথ্য সংবলিত। |
| 650 #0 - SUBJECT ADDED ENTRY--TOPICAL TERM | |
| Topical term or geographic name as entry element | ইতিহাস |
| 650 #0 - SUBJECT ADDED ENTRY--TOPICAL TERM | |
| Topical term or geographic name as entry element | History |
| 700 1# - ADDED ENTRY--PERSONAL NAME | |
| Personal name | কোরায়শী, গোলাম সামদানী |
| Relator term | অনুবাদক। |
| 942 ## - ADDED ENTRY ELEMENTS (KOHA) | |
| Source of classification or shelving scheme | |
| Koha item type | Books |
| Price effective from | Date last seen | Permanent Location | Not for loan | Date acquired | Source of classification or shelving scheme | Koha item type | Lost status | Withdrawn status | Copy number | Source of acquisition | Collection code | Damaged status | Shelving location | Barcode | Current Location | Full call number |
|---|---|---|---|---|---|---|---|---|---|---|---|---|---|---|---|---|
| 2016-08-29 | 2016-08-29 | Dhaka University Library | 2016-08-29 | Books | 1 | Purchased | Non Fiction | General Stacks | 490827 | Dhaka University Library | 907.2 IBA | |||||
| 2017-06-11 | 2017-06-11 | Dhaka University Library | 2017-05-31 | Books | 3 | Purchased | Non Fiction | General Stacks | 501006 | Dhaka University Library | 907.2 IBA | |||||
| 2017-06-11 | 2017-06-11 | Dhaka University Library | 2017-05-31 | Books | 4 | Purchased | Non Fiction | General Stacks | 501007 | Dhaka University Library | 907.2 IBA |
